Dynamical systems and semisimple groups : an introduction /
Guardado en:
| Autor Principal: | |
|---|---|
| Formato: | Libro |
| Idioma: | English |
| Publicado: |
Cambridge, [Eng.] ; New York :
Cambridge University Press,
1998.
|
| Series: | Cambridge tracts in mathematics ;
126 |
| Materias: | |
| Acceso en línea: | Publisher description |
| Etiquetas: |
Agregar Etiqueta
Sin Etiquetas, Sea el primero en etiquetar este registro!
|
| LEADER | 01319cam a2200265 a 4500 | ||
|---|---|---|---|
| 001 | MAT.inmabb006820 | ||
| 008 | 980309s1998####enk######b####001#0#eng## | ||
| 005 | 20150625170136.0 | ||
| 245 | 1 | 0 | |a Dynamical systems and semisimple groups : |b an introduction / |c Renato Feres. |
| 260 | |a Cambridge, [Eng.] ; |a New York : |b Cambridge University Press, |c 1998. | ||
| 300 | |a xvi, 245 p. ; |c 24 cm. | ||
| 440 | 0 | |a Cambridge tracts in mathematics ; |v 126 | |
| 504 | |a Incluye referencias bibliográficas (p. 241-242) e índice. | ||
| 505 | 0 | |a 1. Topological dynamics -- 2. Ergodic theory - part I -- 3. Smooth actions and Lie theory -- 4. Algebraic actions -- 5. The classical groups -- 6. Geometric structures -- 7. Semisimple Lie groups -- 8. Ergodic theory - part II -- 9. Oseledec's theorem -- 10. Rigidity theorems -- Appendix: Lattices in SL(n, R). | |
| 510 | 4 | |a MR, |c 2001d:22001 | |
| 020 | |a 0521591627 (hb) | ||
| 020 | |a 9780521142168 (pb) | ||
| 100 | 1 | |a Feres, Renato, |d 1962- | |
| 650 | 0 | |a Differentiable dynamical systems. | |
| 650 | 0 | |a Semisimple Lie groups. | |
| 084 | |a 22-02 (22E40 22F10 37A15 37C85 53C24 54H20 57S20) |2 msc2000 | ||
| 010 | |a 98003586 | ||
| 040 | |a DLC |c DLC |d DLC | ||
| 856 | 4 | 2 | |3 Publisher description |u http://www.loc.gov/catdir/description/cam029/98003586.html |
| 859 | |h 22 |i F349 |p A-8857 |b BIB. MATEMATICA | ||
